Languages by country - Statistics

General Stats
  • This quiz has been taken 856 times
    838 since last reset
  • The average score is 14 of 15
Answer Stats
Country Language % Correct
USA English
100%
France French
100%
Italy Italian
100%
Spain Spanish
100%
Greece Greek
99%
Japan Japanese
99%
Poland Polish
99%
Russia Russian
99%
The Netherlands Dutch
97%
Austria German
95%
China Mandarin
94%
Egypt Arabic
93%
Portugal Portuguese
92%
Iceland Icelandic
90%
India Hindi
89%
No matching quizzes found
Score Distribution
Percent of People with Each Score
Percentile by Number Answered
Your Score History
You have not taken this quiz since the last reset